| 000 -ლიდერი |
| ფიქსირებული სიგრძის საკონტროლო ველი |
01299nam a2200253Ia 4500 |
| 001 - საკონტროლო ნომერი |
| საკონტროლო ველი |
3636 |
| 003 - საკონტროლო ნომრის იდენტიფიკატორი |
| საკონტროლო ველი |
GE_BSU |
| 005 - ბოლო ოპერაციის თარიღი და დრო |
| საკონტროლო ველი |
20190520175907.0 |
| 008 - ფიქსირებული სიგრძის მონაცემთა ელემენტები - ზოგადი ინფორმაცია |
| ფიქსირებული სიგრძის საკონტროლო ველი |
181216s1985||||ge |||||||||||||| ||geo|| |
| 040 ## - კატალოგიზაციის წყარო |
| Transcribing agency |
GE_BSU |
| 041 ## - ენის კოდი |
| Language code of text/sound track or separate title |
geo |
| 080 ## - უნივერსალური ათობითი კლასიფიკაციის ინდექსი |
| Universal Decimal Classification number |
528.48(075.8):622.1 თ–40 |
| 100 ## - მთავარი ჩანაწერი - პიროვნების სახელი |
| Personal name |
თევზაძე,ნ. |
| 9 (RLIN) |
1425 |
| 245 ## - ცნობა სათაურის შესახებ |
| Title |
საინჟინრო გეოდეზია : 10 ნაწილად. ნაწ. 5: განაზომთა ალბათობის თეორია და მათემატიკური სტატისტიკა / |
| Statement of responsibility, etc |
ნიკოლოზ. თევზაძე, ; რედ : პ.ლაბარტყავა. |
| 250 ## - გამოცემის ცნობა |
| Edition statement |
მეორე გამოცემა. |
| 264 ## - წარმოების, გამოცემის, დისტრიბუციის და სხვა ცნობები |
| გამოცემის, წარმოების, დისტრიბუციის... ადგილი |
თბილისი : |
| გამოცემის, წარმოების, დისტრიბუციის... სახელწოდება |
განათლება, |
| გამოცემის, წარმოების, დისტრიბუციის... თარიღი |
1985. |
| 300 ## - ფიზიკური აღწერა |
| Extent |
422 გვ .: |
| Dimensions |
26 სმ. |
| 500 ## - ზოგადი შენიშვნა |
| General note |
დან.:გვ. 408-421 |
| 504 ## - BIBLIOGRAPHY, ETC. NOTE |
| Bibliography, etc |
ბიბლიოგრ.:გვ.422გვ. |
| 653 ## - INDEX TERM--UNCONTROLLED |
| Uncontrolled term |
განაზომთა ალბათობის თეორია და მათემატიკური სტატისტიკ. |
| 653 ## - INDEX TERM--UNCONTROLLED |
| Uncontrolled term |
საინჟინრო გეოდეზია |
| 700 ## - ADDED ENTRY--PERSONAL NAME |
| Personal name |
ლაბარტყავა, პ |
| Relator term |
რედაქტორი |
| 9 (RLIN) |
523 |
| 942 ## - ADDED ENTRY ELEMENTS (KOHA) |
| Koha item type |
წიგნი |
| Source of classification or shelving scheme |
|